Cena Dušana Jurkoviča 2009

Podrobná bibliografia
Korporatívny autor: Cena Dušana Jurkoviča Bratislava, Slovensko
Ďalší autori: Droppová, Zoja (Zostavovateľ, kompilátor)
Médium: Konferenčný príspevok Kniha
Jazyk:slovenčina
Fyzický popis:xliii s. fotogr. 30 cm
Vydavateľské údaje: Bratislava Spolok architektov Slovenska 2009
ISBN:9788088757559
Vydanie:[1. vyd.]
Predmet:

MARC

LEADER 00000nam a2200000 a 4500
001 vtls010120815
003 SK-MaSNL
005 20260425223045.0
008 180731s2009 xo o g c 000 0 slo
015 |a SNBE2013 
020 |a 9788088757559  |q (brož.) 
040 |a SNK  |b slo  |c SNK  |e AACR2 
041 0 |a slo 
043 |a e-xo--- 
044 |a xo  |c SK 
072 7 |a 72  |x Architektúra  |2 konspekt 
080 |a 72.092  |2 2001 
080 |a 72.012.2  |2 2001 
080 |a 72.036/.038  |2 2001 
080 |a (437.6)  |2 2001 
080 |a (083.82)  |2 2001 
080 |a (082.2)  |2 2001 
080 |a 06.05  |2 2001 
111 2 |a Cena Dušana Jurkoviča  |n (45. :  |d 2009 :  |c Bratislava, Slovensko)  |9 325666 
245 1 0 |a Cena Dušana Jurkoviča 2009  |c [zostavila: Zoja Droppová] 
246 1 1 |a Dušan Jurkovič Prize 2009 
250 |a [1. vyd.] 
260 |a Bratislava  |b Spolok architektov Slovenska  |c 2009 
300 |a xliii s.  |b fotogr.  |c 30 cm 
500 |a Prehľad udelených cien 
500 |a Výstava Cena Dušana Jurkoviča 2009, Galéria architektúry SAS, Bratislava 19.11.-12.12.2009 
648 7 |a 1964-2009  |2 SNKPH  |9 325667 
650 0 7 |a architektonické súťaže  |2 SNKPH  |9 31820 
650 0 7 |a architektonické projekty  |2 SNKPH  |9 2951 
650 0 7 |a moderná architektúra  |2 SNKPH  |9 68287 
650 0 7 |a Architectural competitions  |2 SNKPHeng  |9 325668 
650 0 7 |a Architectural projects  |2 SNKPHeng  |9 274864 
650 0 7 |a Modern architecture  |2 SNKPHeng  |9 276030 
650 0 7 |a Cena Dušana Jurkoviča (ocenenie)  |2 SNKPH  |9 133502 
650 0 7 |a ceny a vyznamenania  |2 SNKPH  |9 73045 
650 0 7 |a Dušan Jurkovič Prize  |2 SNKPHeng  |9 325669 
650 0 7 |a Awards  |2 SNKPHeng  |9 325670 
651 7 |a Bratislava (Slovensko)  |2 SNKPH  |9 14568 
651 7 |a Bratislava (Slovakia)  |2 SNKPHeng  |9 171234 
655 7 |a katalógy  |2 SNKPH  |9 60821 
655 7 |a jubilejné publikácie  |2 SNKPH  |9 70339 
655 7 |a Catalogs  |2 SNKPHeng  |9 266059 
655 7 |a Jubilee books  |2 SNKPHeng  |9 281827 
700 1 |a Droppová, Zoja  |4 com  |9 248449 
919 |a 978-80-88757-55-9 
999 |c 575613  |d 577543 
952 |a SNK  |b SNK  |y PREZ  |7 0  |p 17A0666973  |o snkOSB 15889  |i snk2010/16587  |8 0  |0 0  |1 0  |4 0  |d 2010-08-04  |l 0  |r 2026-02-23 14:31:13  |w 2026-02-23 
952 |a SNK  |b SNK  |y VYP  |7 0  |p 17A0666920  |o snkOSB 15889 D1  |i snk2010/16588  |8 0  |0 0  |1 0  |4 0  |d 2010-08-04  |l 0  |r 2026-02-23 14:31:13  |w 2026-02-23